000 00925cab a2200289 4500
001 ABS53160
008 090401t1995 xxu||||| |||| 00| 0 eng d
035 _a(Sirsi) u2450
041 _aeng
110 _aConstruction Round Table
_93361
245 _aThinking about building
260 _c1995
350 _a0
490 _aBuilding
_v260(7899) 7 July 1995, 1-12(12)
520 _aA clients` guide to the building process, which is intended to prompt clients in discussions with their building advisors.
650 _aBUILT ENVIRONMENT-BUILDING CONTRACT FORMS
650 _aCHECKLIST
650 _aCLIENTS REQUIREMENTS
650 _aCONSTRUCTION PROCUREMENT
650 _aMETHODS OF PROCUREMENT
650 _aNEW BUILD
650 _aMANAGEMENT-PROJECT MANAGEMENT
650 _aBUILT ENVIRONMENT-BUILDING MAINTENANCE AND REFURBISHMENT
690 _aBUILT ENVIRONMENT
942 _n0
948 _c04/03/1997
999 _c1481
_d1481